[Event "DEM U12/U12w 2007"]
[Site "Willingen GER"]
[Date "2007.05.27"]
[Round "1"]
[White "Galkin, Wladislaw"]
[Black "Baier, Christoph"]
[Result "0-1"]
[Termination "normal"]
[Board "25"]
[WhiteElo "1675"]
[BlackElo "1302"]
[PlyCount "166"]
[WhiteFideId "4603192"]
[BlackFideId "24655759"]
[EventCountry "GER"]
[EventRounds "11"]
[EventType "swiss"]
[EventDate "2007.05.26"]

1. d4 d5 2. c4 c6 3. Nc3 Nf6 4. Nf3 Bf5 5. Bf4 e6 6. Qb3 Qb6 7. Qxb6 axb6 8. a3
Nbd7 9. e3 Be7 10. cxd5 Nxd5 11. Nxd5 exd5 12. Be2 O-O 13. O-O b5 14. Nd2 Rfc8
15. Rfc1 Nb6 16. f3 Nc4 17. Bxc4 bxc4 18. e4 Bg6 19. Re1 Bf6 20. e5 Be7 21. Bg3
b5 22. f4 c5 23. Bf2 cxd4 24. Bxd4 Ra6 25. Nf3 Bf5 26. Bc3 Rg6 27. Kh1 Be4 28.
Re2 Bxf3 29. gxf3 Rd8 30. Rd1 Bc5 31. Bd4 Be7 32. Bf2 b4 33. Red2 c3 34. Rc2
cxb2 35. axb4 Bxb4 36. Rxb2 Ba5 37. Rb5 Bc3 38. Rbxd5 Rxd5 39. Rxd5 h6 40. Bd4
Bd2 41. f5 Rg5 42. f6 gxf6 43. Rd8+ Kh7 44. exf6 Bf4 45. Rf8 Kg6 46. Rg8+ Kh7
47. Rg7+ Rxg7 48. fxg7 h5 49. Kg2 Bh6 50. Kg3 Bxg7 51. Bxg7 Kxg7 52. Kf4 Kg6
53. h3 f5 54. Kg3 Kg5 55. f4+ Kf6 56. Kh2 h4 57. Kg2 Ke6 58. Kf3 Kd5 59. Ke3
Kc4 60. Ke2 Kd4 61. Kf2 Ke4 62. Ke2 Kxf4 63. Kf2 Ke4 64. Ke2 f4 65. Kf2 f3 66.
Kf1 Kf4 67. Ke1 Ke5 68. Kf1 Ke4 69. Kf2 Kf4 70. Kf1 Kg3 71. Kg1 Kxh3 72. Kh1
Kg3 73. Kg1 f2+ 74. Kf1 h3 75. Ke2 Kg2 76. Ke3 f1=Q 77. Ke4 h2 78. Ke3 h1=Q 79.
Kd4 Qh8+ 80. Ke4 Qe8+ 81. Kd4 Qd1+ 82. Kc3 Qc8+ 83. Kb2 Qdc1+ 0-1

[Event "DEM U12/U12w 2007"]
[Site "Willingen GER"]
[Date "2007.05.27"]
[Round "1"]
[White "Rethmann, Kristin"]
[Black "Mundorf, Johannes"]
[Result "0-1"]
[Termination "normal"]
[Board "26"]
[WhiteElo "1289"]
[BlackElo "1668"]
[PlyCount "110"]
[WhiteFideId "24655805"]
[BlackFideId "24672491"]
[EventCountry "GER"]
[EventRounds "11"]
[EventType "swiss"]
[EventDate "2007.05.26"]

1. e4 c5 2. Nf3 a6 3. d4 cxd4 4. Nxd4 Nf6 5. Nc3 e5 6. Nde2 Bb4 7. f3 O-O 8.
Be3 d5 9. exd5 Nxd5 10. Bd2 Bc5 11. Ne4 Ba7 12. Bg5 f6 13. Bh4 Ne3 14. Qd2
Qxd2+ 15. Kxd2 Rd8+ 16. Kc3 Nd1+ 17. Kb3 Be6+ 18. Ka3 Ne3 19. Rc1 Nc4+ 20. Kb3
Be3 21. Re1 Na5+ 22. Kc3 b5 23. b3 Nbc6 24. Kb2 b4 25. Bf2 Bxf2 26. Nxf2 Bf5
27. Ng3 Bg6 28. Bd3 Bxd3 29. Nxd3 Nb7 30. Ne4 a5 31. Rd1 Nd4 32. Rd2 Nd6 33.
Nec5 N6b5 34. Ne4 Rac8 35. f4 Nc3 36. Ng3 e4 37. Nc1 e3 38. Rd3 Ncb5 39. Rxe3
Rxc2+ 40. Kb1 Na3+ 41. Ka1 Rxg2 42. Re7 Ndc2+ 43. Kb2 Kf8 44. Ra7 Nd4+ 45. Ka1
Ndb5 46. Nge2 Nxa7 47. h3 Rd2 48. Rf1 Rgxe2 49. Nxe2 Rxe2 50. Rc1 N7b5 51. Rc8+
Kf7 52. Rc5 Nc3 53. Rxc3 bxc3 54. h4 Rb2 55. f5 Rb1# 0-1

[Event "DEM U12/U12w 2007"]
[Site "Willingen GER"]
[Date "2007.05.27"]
[Round "1"]
[White "Takeuchi, Eiki"]
[Black "Kaden, Romy"]
[Result "1-0"]
[Termination "normal"]
[Board "27"]
[WhiteElo "1655"]
[BlackElo "1272"]
[PlyCount "111"]
[WhiteFideId "24663751"]
[BlackFideId "12931616"]
[EventCountry "GER"]
[EventRounds "11"]
[EventType "swiss"]
[EventDate "2007.05.26"]

1. e4 c5 2. Nf3 d6 3. d4 cxd4 4. Nxd4 Nf6 5. Nc3 g6 6. Be3 Bg7 7. f3 O-O 8. Qd2
Nc6 9. Be2 d5 10. exd5 Nxd5 11. Nxd5 Nxd4 12. Bxd4 Qxd5 13. Bxg7 Qxd2+ 14. Kxd2
Rd8+ 15. Ke3 Kxg7 16. Rad1 Bf5 17. Rxd8 Rxd8 18. Rd1 Rxd1 19. Bxd1 Kf6 20. c4
Be6 21. Kd4 Bd7 22. f4 h6 23. Bf3 g5 24. fxg5+ hxg5 25. Bxb7 e5+ 26. Ke3 Ke7
27. Ke4 f6 28. c5 Be6 29. a3 Kd7 30. b4 Kc7 31. Ba6 Kc6 32. Be2 a5 33. g4 axb4
34. axb4 Kc7 35. b5 Kb7 36. Kf3 Bd5+ 37. Kg3 e4 38. h4 gxh4+ 39. Kxh4 Kc7 40.
Kg3 Kb7 41. Kf4 Bb3 42. Kxe4 Bc2+ 43. Bd3 Bxd3+ 44. Kxd3 Kc7 45. Ke4 Kd7 46.
Kf5 Ke7 47. b6 Kd7 48. b7 Kc7 49. c6 Kb8 50. Ke6 Kc7 51. Ke7 f5 52. gxf5 Kb8
53. Kd7 Ka7 54. Kc7 Ka6 55. b8=Q Ka5 56. Qb3 1-0

[Event "DEM U12/U12w 2007"]
[Site "Willingen GER"]
[Date "2007.05.27"]
[Round "1"]
[White "Grötzbach, Julian"]
[Black "Pfleger, Jürgen"]
[Result "0-1"]
[Termination "normal"]
[Board "28"]
[WhiteElo "1260"]
[BlackElo "1839"]
[PlyCount "97"]
[WhiteFideId "24600938"]
[BlackFideId "24641642"]
[EventCountry "GER"]
[EventRounds "11"]
[EventType "swiss"]
[EventDate "2007.05.26"]

1. d4 d5 2. c4 dxc4 3. e4 e5 4. d5 Nf6 5. Nd2 c6 6. Nxc4 cxd5 7. exd5 Nxd5 8.
Nxe5 Bb4+ 9. Bd2 O-O 10. Be2 Re8 11. Nef3 Nc6 12. Rc1 Nf4 13. Kf1 Bxd2 14. Qxd2
Qxd2 15. Nxd2 Be6 16. a3 Rad8 17. Nc4 Nxe2 18. Nxe2 Bxc4 19. h3 Bxe2+ 20. Kg1
Rd1+ 21. Rxd1 Bxd1 22. Kh2 Bh5 23. b4 f6 24. Rc1 a6 25. Rc5 Bg6 26. b5 axb5 27.
Rxb5 Re7 28. a4 Ne5 29. Ra5 Kf7 30. Ra7 Bd3 31. Ra5 Bc4 32. Rc5 b6 33. Rc8 Ke6
34. f4 Ba6 35. Ra8 Bb7 36. Rh8 h6 37. Rd8 Nc6 38. Rd3 Kf7 39. f5 g6 40. g4 gxf5
41. gxf5 Re2+ 42. Kg3 Ne5 43. Rd6 Rg2+ 44. Kf4 Rf2+ 45. Kg3 Rf3+ 46. Kh4 Rxf5
47. Rxb6 Bc6 48. Rb4 Rg5 49. Rb6 0-1

[Event "DEM U12/U12w 2007"]
[Site "Willingen GER"]
[Date "2007.05.27"]
[Round "1"]
[White "Lebeda, Timo"]
[Black "Kuckling, Hannah"]
[Result "1-0"]
[Termination "normal"]
[Board "29"]
[WhiteElo "1653"]
[BlackElo "1248"]
[PlyCount "107"]
[WhiteFideId "4638565"]
[BlackFideId "24603660"]
[EventCountry "GER"]
[EventRounds "11"]
[EventType "swiss"]
[EventDate "2007.05.26"]

1. c4 e5 2. Nc3 Nf6 3. g3 Bc5 4. Bg2 O-O 5. d3 Nc6 6. Nf3 d6 7. O-O Be6 8. a3
a5 9. Qc2 h6 10. Bd2 Qd7 11. Rfe1 Bh3 12. Bh1 Ng4 13. e3 Qf5 14. Ne4 Bb6 15.
Nh4 Qe6 16. c5 dxc5 17. Nxc5 Qf6 18. Nf3 Qd6 19. Ne4 Qd5 20. Bc3 Qd7 21. Rad1
Qf5 22. d4 exd4 23. Nxd4 Nxd4 24. Bxd4 Bxd4 25. Rxd4 Ne5 26. f4 Nc6 27. Rd2 Qg6
28. Nc5 Bf5 29. Qc3 b6 30. Nd3 Be4 31. Bxe4 Qxe4 32. Nf2 Qe6 33. Rc2 Ne7 34.
Qd3 Rfd8 35. Qe4 Qxe4 36. Nxe4 Nd5 37. Kf2 f5 38. Nc3 Nxc3 39. Rxc3 Rd2+ 40.
Re2 Rxe2+ 41. Kxe2 c5 42. Rd3 Rf8 43. Rd6 Rf6 44. Rxf6 gxf6 45. Kd3 b5 46. e4
fxe4+ 47. Kxe4 b4 48. Kd5 c4 49. Kxc4 bxa3 50. bxa3 Kg7 51. Kb5 a4 52. Kxa4 Kf7
53. Kb5 Ke7 54. Kc6 1-0

[Event "DEM U12/U12w 2007"]
[Site "Willingen GER"]
[Date "2007.05.27"]
[Round "1"]
[White "Bodenstein, Lars"]
[Black "Grzeca, Pascal"]
[Result "0-1"]
[Termination "normal"]
[Board "30"]
[WhiteElo "1241"]
[BlackElo "1642"]
[PlyCount "68"]
[WhiteFideId "12912352"]
[BlackFideId "24600741"]
[EventCountry "GER"]
[EventRounds "11"]
[EventType "swiss"]
[EventDate "2007.05.26"]

1. Nf3 Nf6 2. b3 d5 3. Bb2 c5 4. e3 Nc6 5. Bb5 a6 6. Bxc6+ bxc6 7. Ne5 Qc7 8.
O-O e6 9. d3 Bd6 10. f4 a5 11. Nd2 Ba6 12. c4 Rd8 13. Qf3 O-O 14. Rfe1 Bb7 15.
Rac1 Ne8 16. Qg3 f6 17. Nef3 a4 18. Rf1 Qb6 19. Rb1 Nc7 20. bxa4 Qa7 21. Rfc1
Na6 22. a3 Ba8 23. Bc3 Nb8 24. a5 Nd7 25. Qg4 Rde8 26. Rc2 e5 27. fxe5 Bxe5 28.
d4 Bd6 29. Re1 Rf7 30. Rcc1 Rfe7 31. cxd5 cxd5 32. Nf1 c4 33. Bd2 Nb8 34. Ng3
34... Bxa3 {Zeitueberschreitung} 0-1

[Event "DEM U12/U12w 2007"]
[Site "Willingen GER"]
[Date "2007.05.27"]
[Round "1"]
[White "Thumulka, Patrick"]
[Black "Holzmann, Arthur"]
[Result "1-0"]
[Termination "normal"]
[Board "31"]
[WhiteElo "1638"]
[BlackElo "1229"]
[PlyCount "65"]
[WhiteFideId "24676870"]
[EventCountry "GER"]
[EventRounds "11"]
[EventType "swiss"]
[EventDate "2007.05.26"]

1. e4 d5 2. exd5 Qxd5 3. Nc3 Qa5 4. d4 Bf5 5. Bc4 Nf6 6. Bd2 Qb6 7. Bc1 c6 8.
Nge2 e6 9. O-O Bd6 10. Bb3 Qc7 11. Ng3 Bg6 12. Re1 O-O 13. Qf3 Bxg3 14. Qxg3
Qxg3 15. hxg3 Nbd7 16. Bf4 Rfe8 17. Rad1 Nd5 18. Nxd5 exd5 19. c3 a5 20. Kf1
Rxe1+ 21. Rxe1 a4 22. Bxa4 Rxa4 23. Re8+ Nf8 24. Bd6 h6 25. Rxf8+ Kh7 26. a3
Bd3+ 27. Ke1 Kg6 28. Rb8 Ba6 29. Bb4 Bc4 30. Rxb7 Ra8 31. f3 Re8+ 32. Kf2 f6
33. g4 1-0

[Event "DEM U12/U12w 2007"]
[Site "Willingen GER"]
[Date "2007.05.27"]
[Round "1"]
[White "Stolcz, Bianca"]
[Black "Collmer, Dominik"]
[Result "0-1"]
[Termination "normal"]
[Board "32"]
[WhiteElo "1228"]
[BlackElo "1632"]
[PlyCount "108"]
[WhiteFideId "24654914"]
[BlackFideId "4620763"]
[EventCountry "GER"]
[EventRounds "11"]
[EventType "swiss"]
[EventDate "2007.05.26"]

1. e4 c5 2. Nf3 Nc6 3. d4 cxd4 4. Nxd4 Nf6 5. Nc3 d6 6. Bc4 e6 7. Be3 a6 8. Qd2
Be7 9. f4 e5 10. Nf3 b5 11. Bd5 Bb7 12. fxe5 dxe5 13. Bxc6+ Bxc6 14. O-O-O
Qxd2+ 15. Rxd2 Nxe4 16. Nxe4 Bxe4 17. Nxe5 Rc8 18. Rf1 f6 19. Nf3 Bb4 20. Rdf2
O-O 21. Kb1 Rc7 22. Bf4 Rc6 23. Rc1 Rfc8 24. Re2 Bg6 25. Nh4 Bh5 26. Nf3 Rc4
27. Bd2 Bxd2 28. Nxd2 Bxe2 29. Nxc4 Bxc4 30. Re1 a5 31. Rd1 a4 32. Re1 Bf7 33.
a3 Bg6 34. Rc1 Be4 35. g3 g5 36. h3 h5 37. h4 gxh4 38. gxh4 Kf7 39. Ka1 Rxc2
40. Rxc2 Bxc2 41. Ka2 f5 42. Ka1 f4 43. Ka2 f3 44. b3 axb3+ 45. Kb2 f2 46. a4
bxa4 47. Ka3 f1=Q 48. Kxa4 b2+ 49. Ka3 Qa1+ 50. Kb4 b1=R+ 51. Kc4 Bd3+ 52. Kxd3
Qa3+ 53. Kc2 Rb2+ 54. Kc1 Qa1# 0-1

[Event "DEM U12/U12w 2007"]
[Site "Willingen GER"]
[Date "2007.05.27"]
[Round "1"]
[White "Davydov, Ruven"]
[Black "Hauffen, Franziska"]
[Result "1-0"]
[Termination "normal"]
[Board "33"]
[WhiteElo "1630"]
[BlackElo "1211"]
[PlyCount "83"]
[WhiteFideId "24666068"]
[EventCountry "GER"]
[EventRounds "11"]
[EventType "swiss"]
[EventDate "2007.05.26"]

1. e4 c5 2. Nf3 d6 3. d4 cxd4 4. Nxd4 Nf6 5. Nc3 a6 6. f3 e6 7. Be3 Be7 8. Bd3
b5 9. Nb3 Bb7 10. O-O O-O 11. Qd2 Nbd7 12. Qf2 Rc8 13. Rfd1 Qc7 14. Rac1 Ne5
15. Kh1 Nfd7 16. Bf1 Nc4 17. Bxc4 bxc4 18. Nd4 Qa5 19. Nde2 Ba8 20. Bd4 Rb8 21.
b3 cxb3 22. cxb3 Qg5 23. Na4 Qh6 24. Be3 Bg5 25. Bxg5 Qxg5 26. Rxd6 Ne5 27.
Rdd1 Qe7 28. Qd4 Ng6 29. Qd6 Qb7 30. Nc5 Qb5 31. Nd4 Qe8 32. Qxa6 Rd8 33. Nb5
Qe7 34. Rxd8 Rxd8 35. Qb6 h6 36. Qc7 Qe8 37. Nd6 Rxd6 38. Qxd6 Kh7 39. h3 Qc8
40. Qd7 Qf8 41. Nd3 Kg8 42. Rc8 1-0

[Event "DEM U12/U12w 2007"]
[Site "Willingen GER"]
[Date "2007.05.27"]
[Round "1"]
[White "Rozenfeld, Elisabeth"]
[Black "Stahnecker, Ludwig"]
[Result "0-1"]
[Termination "normal"]
[Board "34"]
[WhiteElo "1207"]
[BlackElo "1617"]
[PlyCount "108"]
[WhiteFideId "4624742"]
[BlackFideId "24692026"]
[EventCountry "GER"]
[EventRounds "11"]
[EventType "swiss"]
[EventDate "2007.05.26"]

1. d4 Nf6 2. Nc3 e6 3. e4 d5 4. e5 Nfd7 5. f4 Bb4 6. Bd2 a6 7. Qg4 O-O 8. Nf3
c5 9. a3 Bxc3 10. Bxc3 Nc6 11. Bd3 f5 12. Qh5 cxd4 13. Bxd4 Nxd4 14. Nxd4 Qb6
15. Ne2 Qxb2 16. O-O Qb6+ 17. Kh1 Nc5 18. Rfb1 Qc7 19. g4 Nxd3 20. cxd3 fxg4
21. Qxg4 b5 22. Rg1 Qf7 23. Nd4 g6 24. Raf1 Ra7 25. h4 Kh8 26. Rf2 Rc7 27. Ne2
Qf5 28. Qxf5 Rxf5 29. Rg5 Rcf7 30. Rxf5 gxf5 31. Nd4 Rc7 32. Rc2 Rxc2 33. Nxc2
Kg7 34. Kg2 Kf7 35. Nb4 Ke7 36. Kf2 Kd7 37. Ke2 Kc7 38. Kd2 Kb6 39. d4 Bd7 40.
Kc3 Be8 41. Kd3 Bh5 42. Kd2 a5 43. Nc2 Bf3 44. Kc3 Be4 45. Nb4 axb4+ 46. Kxb4
Bd3 47. a4 bxa4 48. Kxa4 Bb5+ 49. Kb4 Be8 50. Kc3 Ka5 51. Kb3 Kb5 52. Kc3 Ka4
53. Kc2 Kb4 54. Kd3 Kb3 0-1

[Event "DEM U12/U12w 2007"]
[Site "Willingen GER"]
[Date "2007.05.27"]
[Round "1"]
[White "Carmesin, Matthias"]
[Black "Marquardt, Annabelle"]
[Result "1-0"]
[Termination "normal"]
[Board "35"]
[WhiteElo "1610"]
[BlackElo "1199"]
[PlyCount "69"]
[WhiteFideId "4635965"]
[BlackFideId "12900125"]
[EventCountry "GER"]
[EventRounds "11"]
[EventType "swiss"]
[EventDate "2007.05.26"]

1. e4 c5 2. Nf3 Nc6 3. d4 cxd4 4. Nxd4 g6 5. Nc3 Bg7 6. Be3 Nf6 7. Bc4 O-O 8.
Bb3 d6 9. f3 Bd7 10. Qd2 Rc8 11. O-O-O Ne5 12. h4 h5 13. Bg5 Nc4 14. Qe2 Na5
15. Kb1 Nxb3 16. cxb3 Rc5 17. Bxf6 Bxf6 18. Nd5 Be5 19. g4 e6 20. Ne3 Bf6 21.
gxh5 Rxh5 22. Qg2 Rxh4 23. Rxh4 Bxh4 24. Ng4 Kg7 25. Ne2 Qb6 26. Nf4 Rc8 27. e5
d5 28. Rh1 Bg5 29. Qh2 Qc5 30. a3 Qb6 31. Nf6 Bxf6 32. Qh7+ Kf8 33. exf6 Rc1+
34. Rxc1 e5 35. Qh8# 1-0

[Event "DEM U12/U12w 2007"]
[Site "Willingen GER"]
[Date "2007.05.27"]
[Round "1"]
[White "Oltzen, Aljoscha"]
[Black "Miller, Eduard"]
[Result "0-1"]
[Termination "normal"]
[Board "36"]
[WhiteElo "1199"]
[BlackElo "1608"]
[PlyCount "90"]
[BlackFideId "24687022"]
[EventCountry "GER"]
[EventRounds "11"]
[EventType "swiss"]
[EventDate "2007.05.26"]

1. e4 e5 2. Nc3 Nf6 3. Nf3 Nc6 4. Bb5 Nd4 5. Ba4 c6 6. d3 Bd6 7. Nxd4 exd4 8.
Ne2 a5 9. c4 dxc3 10. bxc3 O-O 11. Bg5 h6 12. Bh4 b5 13. Bc2 Be7 14. f3 Qb6 15.
d4 c5 16. dxc5 Qxc5 17. Qd3 g5 18. Bf2 Qc4 19. Qxc4 bxc4 20. O-O Bb7 21. Rfd1
d5 22. exd5 Bxd5 23. Nd4 Bc5 24. Nf5 Bxf2+ 25. Kxf2 Rfe8 26. Nxh6+ Kf8 27. Nf5
Rab8 28. Rab1 Rxb1 29. Rxb1 Rd8 30. Rd1 Rb8 31. Rb1 Rxb1 32. Bxb1 Be6 33. g3
Nd5 34. Bc2 Nxc3 35. a4 Nxa4 36. Bxa4 Bxf5 37. Ke3 c3 38. Ke2 Ke7 39. h4 gxh4
40. gxh4 Kf6 41. Kd1 Kg6 42. Kc1 Kh5 43. Bc2 Bxc2 44. Kxc2 Kxh4 45. Kxc3 Kg3
0-1

[Event "DEM U12/U12w 2007"]
[Site "Willingen GER"]
[Date "2007.05.27"]
[Round "1"]
[White "Steblin, Daniel"]
[Black "Lehmann, Patricia"]
[Result "1-0"]
[Termination "normal"]
[Board "37"]
[WhiteElo "1607"]
[BlackElo "1149"]
[PlyCount "125"]
[WhiteFideId "24676390"]
[BlackFideId "12900060"]
[EventCountry "GER"]
[EventRounds "11"]
[EventType "swiss"]
[EventDate "2007.05.26"]

1. e4 c5 2. Nf3 d6 3. d4 cxd4 4. Nxd4 g6 5. Nc3 Bg7 6. Be3 Nf6 7. Bc4 e5 8.
Ndb5 Bf8 9. Bxa7 Nc6 10. Be3 Be7 11. Bg5 Bf8 12. Bxf6 Qxf6 13. Nc7+ Kd7 14.
Nxa8 Qd8 15. Nd5 Qa5+ 16. Qd2 Qxd2+ 17. Kxd2 Bh6+ 18. Kd1 Kd8 19. Nac7 Rf8 20.
Nb5 f5 21. Nxd6 fxe4 22. Nxe4 Be6 23. Rf1 Bxd5 24. Bxd5 Be3 25. Bxc6 bxc6 26.
Ke2 Bb6 27. Rad1+ Kc7 28. Ng5 Rf5 29. Nxh7 Rh5 30. Nf8 Rxh2 31. Nxg6 Rxg2 32.
Nxe5 Rg8 33. Rg1 Re8 34. f4 Bxg1 35. Rxg1 Kd6 36. Rg6+ Kd5 37. c4+ Ke4 38. Nxc6
Kf5+ 39. Kf3 Kxg6 40. b4 Kf5 41. Ne5 Ra8 42. b5 Ra3+ 43. Ke2 Rxa2+ 44. Ke3 Ra3+
45. Nd3 Rb3 46. Kd4 Kf6 47. Nc5 Rb4 48. Kc3 Rb1 49. Nb3 Re1 50. c5 Ke6 51. Kc4
Re4+ 52. Nd4+ Kd7 53. Kd5 Rxf4 54. c6+ Kc8 55. b6 Rf7 56. Kd6 Rf6+ 57. Ne6 Rf7
58. c7 Rd7+ 59. Kc6 Rxc7+ 60. Nxc7 Kb8 61. Na6+ Ka8 62. b7+ Ka7 63. b8=Q+ 1-0

[Event "DEM U12/U12w 2007"]
[Site "Willingen GER"]
[Date "2007.05.27"]
[Round "1"]
[White "Richter, Jannina"]
[Black "Noe, Christopher"]
[Result "0-1"]
[Termination "normal"]
[Board "38"]
[WhiteElo "1137"]
[BlackElo "1600"]
[PlyCount "80"]
[BlackFideId "24692018"]
[EventCountry "GER"]
[EventRounds "11"]
[EventType "swiss"]
[EventDate "2007.05.26"]

1. e4 c5 2. Nf3 d6 3. d4 cxd4 4. Nxd4 Nf6 5. Nc3 g6 6. Bb5+ Bd7 7. Bxd7+ Qxd7
8. O-O Bg7 9. Re1 O-O 10. Bg5 Rd8 11. Qd2 Na6 12. Bxf6 Bxf6 13. Nb3 Rac8 14.
Nd4 Rc4 15. Nde2 Rdc8 16. a3 Nc5 17. Qe3 Na4 18. Nxa4 Rxa4 19. Qb3 Rxe4 20. c3
b6 21. Qc2 Rec4 22. Ng3 d5 23. Qd2 e6 24. Qe2 Bg7 25. Nf1 Qd6 26. Ne3 R4c7 27.
Nc2 Qf4 28. Qe3 Qxe3 29. Rxe3 e5 30. Rd1 d4 31. cxd4 Rxc2 32. dxe5 Rxb2 33. h3
Re8 34. f4 Rc2 35. Rd7 Rc6 36. Rxa7 Bh6 37. Rf3 Rc4 38. Ra6 Rxf4 39. Rxf4 Bxf4
40. Rxb6 Be3+ 0-1

[Event "DEM U12/U12w 2007"]
[Site "Willingen GER"]
[Date "2007.05.27"]
[Round "1"]
[White "Niedermayer, Julian Andi"]
[Black "Schmalhorst, Sophia"]
[Result "1-0"]
[Termination "normal"]
[Board "39"]
[WhiteElo "1588"]
[BlackElo "1109"]
[PlyCount "47"]
[WhiteFideId "24600792"]
[BlackFideId "24682497"]
[EventCountry "GER"]
[EventRounds "11"]
[EventType "swiss"]
[EventDate "2007.05.26"]

1. Nf3 Nc6 2. d4 d5 3. c4 e6 4. Nc3 Nf6 5. Bf4 a6 6. e3 Be7 7. Bd3 Nb8 8. Rc1
Nbd7 9. Qb3 c6 10. O-O O-O 11. Na4 Re8 12. c5 Bf8 13. Rfe1 Nh5 14. Be5 f6 15.
Bg3 Nxg3 16. hxg3 e5 17. dxe5 fxe5 18. e4 Nf6 19. Nb6 Rb8 20. Bb1 Be6 21. exd5
Bxd5 22. Nxd5 Nxd5 23. Nxe5 Kh8 24. Nf7+ 1-0

[Event "DEM U12/U12w 2007"]
[Site "Willingen GER"]
[Date "2007.05.27"]
[Round "1"]
[White "Michalik, Marina"]
[Black "Gering, Samuel"]
[Result "0-1"]
[Termination "normal"]
[Board "40"]
[WhiteElo "1095"]
[BlackElo "1583"]
[PlyCount "74"]
[BlackFideId "24604526"]
[EventCountry "GER"]
[EventRounds "11"]
[EventType "swiss"]
[EventDate "2007.05.26"]

1. e4 c6 2. d3 d5 3. Nd2 e6 4. Ngf3 dxe4 5. Nxe4 Nf6 6. Bg5 Be7 7. Bf4 Nxe4 8.
dxe4 O-O 9. Bd3 Nd7 10. O-O Nc5 11. a3 b6 12. b4 Nxd3 13. cxd3 Ba6 14. Ne5 Bf6
15. Nxc6 Qxd3 16. e5 Qe4 17. Re1 Qxf4 18. exf6 Qxf6 19. Re3 Kh8 20. Ne5 Rad8
21. Qa4 Rd5 22. Qxa6 Rxe5 23. Rxe5 Qxe5 24. Rd1 Qc7 25. h3 h6 26. Qa4 Kg8 27.
g3 a5 28. Rd7 Qe5 29. Rb7 Qe1+ 30. Kg2 Qe4+ 31. Kf1 Qxb7 32. bxa5 bxa5 33. Qxa5
Ra8 34. Qc3 Qa6+ 35. Ke1 Qa5 36. Qxa5 Rxa5 37. Ke2 Rxa3 0-1

[Event "DEM U12/U12w 2007"]
[Site "Willingen GER"]
[Date "2007.05.27"]
[Round "1"]
[White "Düssler, Stefanie"]
[Black "Saak, Samira"]
[Result "1-0"]
[Termination "normal"]
[Board "43"]
[WhiteElo "1563"]
[BlackElo "1011"]
[PlyCount "63"]
[WhiteFideId "4634780"]
[EventCountry "GER"]
[EventRounds "11"]
[EventType "swiss"]
[EventDate "2007.05.26"]

1. e4 e6 2. d4 d5 3. exd5 exd5 4. Bd3 c5 5. dxc5 Bxc5 6. Nc3 Nf6 7. Qe2+ Be6 8.
Bd2 O-O 9. O-O-O Nc6 10. a3 Qb6 11. Na4 Qc7 12. Nxc5 Rfe8 13. Nxe6 Rxe6 14. Qf3
d4 15. Bf5 Ree8 16. Bg5 Nd7 17. Qh3 h6 18. Bxd7 Re5 19. Bf4 f6 20. Nf3 Rd8 21.
Bxc6 Rc8 22. Bd5+ Kh8 23. Bb3 Qc5 24. Bxe5 fxe5 25. Nxe5 a5 26. Nf7+ Kg8 27.
Nd6+ Kh7 28. Nxc8 Qg5+ 29. Kb1 Qg6 30. Ne7 Qe4 31. Qf5+ Qxf5 32. Nxf5 1-0

[Event "DEM U12/U12w 2007"]
[Site "Willingen GER"]
[Date "2007.05.27"]
[Round "1"]
[White "Polert, Annika"]
[Black "Medvedovski, Michael"]
[Result "0-1"]
[Termination "normal"]
[Board "44"]
[WhiteElo "1008"]
[BlackElo "1560"]
[PlyCount "100"]
[WhiteFideId "24692328"]
[BlackFideId "24600830"]
[EventCountry "GER"]
[EventRounds "11"]
[EventType "swiss"]
[EventDate "2007.05.26"]

1. e4 c5 2. Nf3 Nc6 3. Nc3 e5 4. Bc4 Be7 5. d3 Nf6 6. O-O O-O 7. Be3 d6 8. h3
h6 9. Qd2 Kh7 10. Rad1 Ne8 11. Nd5 f5 12. exf5 Bxf5 13. Nxe7 Qxe7 14. Rfe1 Qf6
15. g4 Bxg4 16. Ng5+ hxg5 17. hxg4 Nd4 18. Bxd4 cxd4 19. Bd5 Rb8 20. Be4+ g6
21. Kg2 Nc7 22. Rh1+ Kg7 23. Rh3 Ne6 24. Kg1 Nf4 25. Rf3 Qe6 26. Rg3 Qxa2 27.
b3 d5 28. Bf3 Qa3 29. b4 Rbc8 30. Re1 Rfe8 31. Kh2 Rc3 32. Rd1 Qxb4 33. Kg1 a5
34. Bh1 a4 35. Qe1 b5 36. Rb1 Qc5 37. Qd1 Rxc2 38. Bf3 Rc8 39. Bg2 Rc1 40. Rxc1
Qxc1 41. Qxc1 Rxc1+ 42. Kh2 a3 43. f3 a2 44. Rh3 Nxh3 45. f4 Nxf4 46. Bxd5 Nxd5
47. Kh3 a1=Q 48. Kg3 Rg1+ 49. Kh3 Nf4+ 50. Kh2 Rg2# 0-1

[Event "DEM U12/U12w 2007"]
[Site "Willingen GER"]
[Date "2007.05.27"]
[Round "1"]
[White "Kügel, Tobias"]
[Black "Dreßel, Stefanie"]
[Result "1-0"]
[Termination "normal"]
[Board "45"]
[WhiteElo "1553"]
[BlackElo "998"]
[PlyCount "61"]
[WhiteFideId "4636295"]
[EventCountry "GER"]
[EventRounds "11"]
[EventType "swiss"]
[EventDate "2007.05.26"]

1. e4 c5 2. Nf3 Nc6 3. Bb5 g6 4. O-O Bg7 5. Bxc6 bxc6 6. d4 cxd4 7. Nxd4 Nf6 8.
Nc3 O-O 9. Be3 d5 10. Nxc6 Qd6 11. exd5 Bb7 12. Nb5 Qd7 13. c3 Bxc6 14. dxc6
Qxc6 15. Nd4 Qd6 16. Nf3 Rfb8 17. Qxd6 exd6 18. Rab1 Rb7 19. Bd4 Rab8 20. c4
Ne4 21. Bxg7 Kxg7 22. b3 Rd7 23. Rfe1 f5 24. Rbd1 Rbd8 25. Nd4 Kf6 26. Nc6 Rc8
27. Nb4 Rcd8 28. f3 Nc5 29. Rd2 Re7 30. Nd5+ Kg7 31. Rxe7+ 1-0

[Event "DEM U12/U12w 2007"]
[Site "Willingen GER"]
[Date "2007.05.27"]
[Round "1"]
[White "Tran, My Linh"]
[Black "Pältz, Sebastian"]
[Result "0-1"]
[Termination "normal"]
[Board "46"]
[WhiteElo "996"]
[BlackElo "1798"]
[PlyCount "112"]
[WhiteFideId "24682462"]
[BlackFideId "24648027"]
[EventCountry "GER"]
[EventRounds "11"]
[EventType "swiss"]
[EventDate "2007.05.26"]

1. e4 e5 2. Nf3 Nc6 3. Bb5 a6 4. Bxc6 dxc6 5. d3 Bd6 6. h3 h6 7. b3 Ne7 8. Bb2
Ng6 9. Nbd2 Nf4 10. O-O Qf6 11. Nh2 Qg5 12. g3 Bxh3 13. Ndf3 Qg6 14. Nh4 Qh5
15. Qxh5 Nxh5 16. Rfe1 O-O-O 17. Bc3 Rde8 18. N4f3 g5 19. g4 Nf6 20. Nd2 Nxg4
21. Nxg4 Bxg4 22. f3 Bh5 23. Kf2 Bc5+ 24. Ke2 f6 25. b4 Ba7 26. a4 Rhg8 27. Rh1
Bg6 28. Rxh6 Re6 29. Nc4 Be8 30. Rg1 Bxg1 31. Bd2 Ba7 32. Ne3 Bg6 33. Ng4 Kd7
34. c4 Bd4 35. Be3 Bxe3 36. Kxe3 f5 37. exf5 Bxf5 38. Nf6+ Rxf6 39. Rxf6 Be6
40. Ke4 Re8 41. Rg6 Rg8 42. Rf6 g4 43. fxg4 Rxg4+ 44. Kxe5 Rg5+ 45. Kd4 Ke7 46.
Rf3 Rg1 47. Kc3 Ra1 48. a5 b6 49. axb6 cxb6 50. Re3 Kd6 51. Rg3 Rb1 52. Rg6 a5
53. Kc2 Rxb4 54. Rg1 c5 55. Rd1 b5 56. cxb5 Bb3+ 0-1

[Event "DEM U12/U12w 2007"]
[Site "Willingen GER"]
[Date "2007.05.27"]
[Round "1"]
[White "Kaulich, Philipp Theodor"]
[Black "Freis, Katrin"]
[Result "1-0"]
[Termination "normal"]
[Board "47"]
[WhiteElo "1540"]
[BlackElo "939"]
[PlyCount "91"]
[WhiteFideId "4641582"]
[BlackFideId "24655783"]
[EventCountry "GER"]
[EventRounds "11"]
[EventType "swiss"]
[EventDate "2007.05.26"]

1. c4 e5 2. Nc3 Nf6 3. g3 Bc5 4. Bg2 Nc6 5. e3 d6 6. Nge2 a6 7. O-O Be6 8. d4
exd4 9. exd4 Ba7 10. d5 Bg4 11. dxc6 b6 12. Bf4 O-O 13. Re1 Re8 14. h3 Bh5 15.
Qd2 b5 16. cxb5 axb5 17. Nxb5 Bb6 18. Nec3 h6 19. Rxe8+ Qxe8 20. Re1 Qd8 21.
Bxd6 cxd6 22. c7 Qf8 23. Bxa8 Qxa8 24. Qxd6 Ba5 25. b4 Bxc7 26. Qxc7 Bf3 27.
Nd6 Bh1 28. Qc8+ Qxc8 29. Nxc8 Bb7 30. Nd6 Bc6 31. b5 Bd7 32. b6 Bc6 33. b7 Nd7
34. Re8+ Kh7 35. b8=Q Nxb8 36. Rxb8 f6 37. a4 g5 38. Rb7+ Bxb7 39. Nxb7 Kg6 40.
a5 Kh5 41. a6 f5 42. a7 f4 43. g4+ Kh4 44. a8=Q f3 45. Qh8 h5 46. Qxh5# 1-0